| 000 | 01468nam a2200325 i 4500 | ||
|---|---|---|---|
| 999 |
_c65621 _d65621 |
||
| 001 | 768714001 | ||
| 003 | CO-MdFUSB | ||
| 005 | 20200604224035.0 | ||
| 007 | ta | ||
| 008 | 200402t1991 -us |||| |||| 00| 0 eng d | ||
| 020 | _a9780060665036 | ||
| 040 |
_aCO-MdFUSB _bspa _cCO-MdFUSB _dCO-MdFUSBC _erda |
||
| 041 | _aeng | ||
| 082 |
_223 _a228.06 _bP485 |
||
| 100 |
_aPeterson, Eugene H. _eautor |
||
| 245 |
_aReversed thunder : _bthe Revelation of John and the praying imagination _c/ Eugene H Peterson |
||
| 264 | 1 |
_aEstados Unidos : _bHarper San Francisco, _c[1991] |
|
| 264 | 4 | _c© 1991 | |
| 300 |
_a206 páginas _c; 21 cm |
||
| 336 |
_2rdacontent _atexto _btxt |
||
| 337 |
_2rdamedia _asin mediación _bn |
||
| 338 |
_2rdacarrier _avolumen _bnc |
||
| 500 | _aColección Dawn Christina Harrell | ||
| 505 | _aÚltimas palabras famosas. -- La última palabra sobre las Escrituras. -- La última palabra sobre Cristo. -- La última palabra sobre la iglesia. -- La última palabra sobre la adoración. -- La última palabra sobre el mal. -- La última palabra sobre la oración. -- La última palabra sobre testigo. -- La última palabra sobre política. -- La última palabra sobre juicio. -- La última palabra sobre salvación --La última palabra sobre el cielo. -- Las últimas palabras. | ||
| 563 | _aRùstico | ||
| 630 | 0 | 7 |
_aBiblia _pApocalipsis _xCrítica, interpretación, etc. |
| 942 | _cBK | ||
| 945 |
_aJTF-925 _bAEM-53 |
||